| 000 | 00675nam a22002417a 4500 | ||
|---|---|---|---|
| 999 |
_c12037 _d12037 |
||
| 001 | 12037 | ||
| 003 | BD-JhCC | ||
| 005 | 20221120134024.0 | ||
| 008 | 210308s20122017nyu |||| |||| 001 0 eng d | ||
| 020 | _a9781780332000 | ||
| 035 | _a(BD-JhCC)12037 | ||
| 040 |
_aBD-JhCC _dBD-JhCC |
||
| 041 | _aeng | ||
| 082 |
_a153.8 _bDWE 2017 |
||
| 100 | _aDweck, Carol S | ||
| 245 |
_aMindset : _bchanging the way you think to fulfil your potential / _cCarol S Dweck |
||
| 260 |
_aLondon : _bRobinson, _c2017. |
||
| 300 |
_aix, 301 p. : _c22 cm. |
||
| 650 | _aSuccess--Psychological aspects | ||
| 650 | _aSelf-confidence | ||
| 650 | _aMotivation (Psychology) | ||
| 942 |
_2ddc _cBK _04 |
||